[Event "German Bundesliga 2021-22"]
[Site "Germany"]
[Date "2022.03.06"]
[Round "2.8"]
[White "Koellner, Ruben Gideon"]
[Black "Markgraf, Alexander"]
[Result "0-1"]
[WhiteElo "2441"]
[BlackElo "2482"]
[Annotator "ChessBase"]
[PlyCount "120"]
[EventDate "2022.03.05"]
[EventType "team-tourn"]
[EventCountry "GER"]
[SourceTitle "playchess.com"]
[Source "ChessBase"]
[SourceQuality "1"]
[TimeControl "40/5400+30:1800+30"]

1. d4 {[%emt 0:00:00]} f5 {[%emt 0:00:00]} 2. Nc3 {[%emt 0:00:00]} Nf6 {[%emt 0:00:00]} 3. Bg5 {[%emt 0:00:00]} d5 {[%emt 0:00:00]} 4. Bxf6 {[%emt 0:00:00]} exf6 {[%emt 0:00:00]} 5. e3 {[%emt 0:00:00]} Be6 {[%emt 0:00:00]} 6. Bd3 {[%emt 0:00:00]} Nc6 {[%emt 0:00:00]} 7. Qf3 {[%emt 0:00:00]} Qd7 {[%emt 0:00:00]} 8. a3 {[%emt 0:00:00]} O-O-O {[%emt 0:00:00]} 9. Nge2 {[%emt 0:00:00]} Ne7 {[%emt 0:08:03]} 10. O-O-O {[%emt 0:00:00]} Kb8 {[%emt 0:03:13]} 11. h4 {[%emt 0:00:00]} h5 {[%emt 0:00:35]} 12. Kb1 {[%emt 0:10:34]} Nc8 {[%emt 0:03:30]} 13. Nf4 {[%emt 0:00:27]} Bf7 {[%emt 0:00:32]} 14. Rc1 {[%emt 0:08:18]} g6 {[%emt 0:14:09]} 15. Ka1 {[%emt 0:06:19]} Ka8 {[%emt 0:09:23]} 16. Rhd1 {[%emt 0:05:58]} a6 {[%emt 0:26:48]} 17. Qe2 {[%emt 0:07:59]} g5 {[%emt 0:02:56]} 18. Nh3 {[%emt 0:00:35]} Rg8 {[%emt 0:03:57]} 19. Nb1 {[%emt 0:04:03]} Nd6 {[%emt 0:05:19]} 20. Nd2 {[%emt 0:08:50]} b5 {[%emt 0:10:24]} 21. b3 {[%emt 0:05:09]} Rb8 {[%emt 0:06:09]} 22. Ka2 {[%emt 0:06:39]} Nc4 {[%emt 0:02:14]} 23. Nb1 {[%emt 0:02:21]} Nd6 {[%emt 0:02:35]} 24. Qe1 {[%emt 0:00:50]} Qc6 {[%emt 0:00:17]} 25. Rd2 {[%emt 0:07:33]} Be7 {[%emt 0:00:36]} 26. Re2 {[%emt 0:00:51]} Qb6 {[%emt 0:00:51]} 27. f3 {[%emt 0:01:06]} c5 {[%emt 0:00:51]} 28. dxc5 {[%emt 0:01:05]} Qxc5 {[%emt 0:00:01]} 29. Qc3 {[%emt 0:01:14]} Qxc3 {[%emt 0:00:32]} 30. Nxc3 {[%emt 0:00:02]} Rbc8 {[%emt 0:00:24]} 31. Kb2 {[%emt 0:00:55]} Rge8 {[%emt 0:00:39]} 32. Rd2 {[%emt 0:01:56]} Kb7 {[%emt 0:01:32]} 33. Bf1 {[%emt 0:01:34]} Rc5 {[%emt 0:00:47]} 34. Nf2 {[%emt 0:04:46]} Rec8 {[%emt 0:00:15]} 35. Ne2 {[%emt 0:00:17]} Bf8 {[%emt 0:00:26]} 36. Nd4 {[%emt 0:01:29]} gxh4 {[%emt 0:00:16]} 37. Nd3 {[%emt 0:00:37]} R5c7 {[%emt 0:00:22]} 38. Nf4 {[%emt 0:01:08]} Re8 {[%emt 0:00:04]} 39. Nde2 {[%emt 0:04:11]} Rxe3 {[%emt 0:01:36]} 40. Nxd5 {[%emt 0:00:27]} Bxd5 {[%emt 0:00:14]} 41. Rxd5 {[%emt 0:30:05]} h3 {[%emt 0:09:27]} 42. gxh3 {[%emt 0:00:00]} Rxf3 {[%emt 0:01:28]} 43. Rxb5+ {[%emt 0:00:00]} Nxb5 {[%emt 0:00:19]} 44. Bg2 {[%emt 0:00:00]} Bxa3+ {[%emt 0:00:10]} 45. Kb1 {[%emt 0:00:00]} Bxc1 {[%emt 0:00:33]} 46. Bxf3+ {[%emt 0:00:00]} Kb6 {[%emt 0:00:15]} 47. Kxc1 {[%emt 0:00:00]} h4 {[%emt 0:01:34]} 48. Kd2 {[%emt 0:00:00]} Kc5 {[%emt 0:01:28]} 49. c3 {[%emt 0:00:00]} a5 {[%emt 0:02:43]} 50. Nf4 {[%emt 0:00:00]} Kd6 {[%emt 0:01:09]} 51. Ne2 {[%emt 0:00:00]} Ke5 {[%emt 0:00:57]} 52. Kd3 {[%emt 0:00:00]} Rd7+ {[%emt 0:01:28]} 53. Kc2 {[%emt 0:00:00]} Rd6 {[%emt 0:03:27]} 54. Bb7 {[%emt 0:00:00]} Na3+ {[%emt 0:01:19]} 55. Kb2 {[%emt 0:00:00]} Rd2+ {[%emt 0:00:53]} 56. Kxa3 {[%emt 0:00:00]} Rxe2 {[%emt 0:00:03]} 57. Ka4 {[%emt 0:00:00]} Ra2+ {[%emt 0:01:21]} 58. Kb5 {[%emt 0:00:00]} Ra3 {[%emt 0:00:22]} 59. b4 {[%emt 0:00:00]} axb4 {[%emt 0:00:07]} 60. cxb4 {[%emt 0:00:00]} Rxh3 {[%emt 0:00:20]} 0-1

[Event "German Bundesliga 2021-22"]
[Site "Germany"]
[Date "2022.03.16"]
[Round "2.8"]
[White "Harff, Marcel"]
[Black "Barseghyan, Armen Ar."]
[Result "0-1"]
[WhiteElo "2367"]
[BlackElo "2351"]
[Annotator "TA"]
[PlyCount "64"]
[EventDate "2022.03.05"]
[EventType "team-tourn"]
[EventCountry "GER"]

{[%evp 17,64,16,16,-19,-13,-22,-18,-18,41,-21,0,-24,-26,-45,-30,-66,-54,-61,-56,-66,-53,-63,-62,-76,-85,-172,-151,-169,-165,-172,-167,-263,-268,-274,-274,-264,-265,-243,-204,-201,-202,-226,-196,-265,-251,-339,-302,-1447,-1372]} 1. c4 c5 2. Nf3 Nf6 3. b3 g6 4. Bb2 Bg7 5. g3 O-O 6. Bg2 d6 7. O-O e5 {[%cal Be7e5,Be5e4][%mdl 32]} 8. Nc3 Nc6 9. e3 Bf5 $1 {9...Bf5 is better than 9...Re8.} 10. d4 {A38: Symmetrical English vs ...g6: 4 Bg2 Bg7 5 Nf3 Nf6.} e4 11. Nd2 {[%cal Rc3e4]} Re8 12. Ne2 {[#] The position is equal.} Qd7 $146 (12... h5 $11) ({Predecessor:} 12... h5 13. a3 Qe7 14. Re1 Rad8 15. Nf4 Qd7 16. Qc1 b6 17. Nd5 cxd4 18. Nxf6+ Bxf6 19. exd4 {0-1 (32) Romanov,E (2621)-Triapishko,A (2530) Kolomna 2018}) 13. a3 ({Better is} 13. dxc5 $1 $14 Rad8 14. cxd6) 13... Rad8 14. Re1 h5 {[%cal Bh7h5,Bh5h4,Bh4h3][%mdl 32]} 15. Ra2 h4 16. Qa1 h3 17. Bh1 cxd4 {Black is much more active.} 18. Nxd4 Ne5 19. Nxf5 Qxf5 (19... gxf5 20. Bd4 $11) 20. Bxe5 Rxe5 ({Don't play} 20... dxe5 21. Qb1 $14) 21. f4 (21. b4 $17) 21... Ree8 22. Qc1 d5 23. cxd5 Qxd5 24. Qc4 (24. Nc4 $142) 24... Qxc4 $19 25. bxc4 Rd3 26. g4 Nxg4 27. Nxe4 Rxe3 28. Rxe3 Bd4 {[%mdl 64] [#] Pin} 29. Bf3 f5 30. Kh1 (30. Bxg4 {was called for.} Rxe4 31. Bxh3) 30... Nxe3 31. Nd6 Re7 {[%cal Oe3c4] aiming for ...Nxc4!} ({Not} 31... Re6 $2 32. Nb5 Bc5 33. Re2) 32. Rd2 $2 {[#]} (32. Re2) 32... Nxc4 $1 {[%mdl 512] Weighted Error Value: White=0.59/Black=0.10 (very precise)} 0-1

[Event "German Bundesliga 2021-22"]
[Site "Germany"]
[Date "2022.03.06"]
[Round "2.8"]
[White "Richter, Philipp"]
[Black "Heinemann, Josefine"]
[Result "0-1"]
[WhiteElo "2225"]
[BlackElo "2290"]
[Annotator "NA"]
[PlyCount "94"]
[EventDate "2022.03.05"]
[EventType "team-tourn"]
[EventCountry "GER"]
[SourceTitle "playchess.com"]
[Source "ChessBase"]
[SourceQuality "1"]
[TimeControl "40/5400+30:1800+30"]

1. d4 {[%emt 0:00:00]} Nf6 {[%emt 0:00:00]} 2. c4 {[%emt 0:00:00]} e6 {[%emt 0:00:00]} 3. Nf3 {[%emt 0:00:00]} d5 {[%emt 0:00:00]} 4. Nc3 {[%emt 0:00:00]} c5 {[%emt 0:00:00]} 5. cxd5 {[%emt 0:00:00]} Nxd5 {[%emt 0:00:00]} 6. e3 {[%emt 0:00:00]} Nc6 {[%emt 0:00:00]} 7. Bd3 {[%emt 0:00:00]} Be7 {[%emt 0:00:00]} 8. O-O {[%emt 0:00:00]} O-O {[%emt 0:00:00]} 9. a3 {[%emt 0:05:37]} cxd4 {[%emt 0:00:00]} 10. exd4 {[%emt 0:00:14]} Bf6 {[%emt 0:00:00]} 11. Be4 {[%emt 0:02:05]} Nce7 {[%emt 0:05:10]} 12. Qd3 {[%emt 0:07:21]} h6 {[%emt 0:05:36]} 13. Ne5 {[%emt 0:08:30]} Nxc3 {[%emt 0:09:16]} 14. Qxc3 {[%emt 0:01:30]} Nf5 {[%emt 0:00:57]} 15. Be3 {[%emt 0:04:20]} Nxe3 {[%emt 0:06:53]} 16. fxe3 {[%emt 0:00:26]} Rb8 {[%emt 0:05:15]} 17. Rac1 {[%emt 0:07:51]} Bxe5 {[%emt 0:03:32]} 18. dxe5 {[%emt 0:00:16]} b6 {[%emt 0:01:24]} 19. Qc7 {[%emt 0:06:30]} Ba6 {[%emt 0:03:28]} 20. Qxd8 {[%emt 0:26:44]} Rfxd8 {[%emt 0:00:20]} 21. Rfd1 {[%emt 0:00:17]} Rxd1+ {[%emt 0:05:45]} 22. Rxd1 {[%emt 0:00:12]} Bb7 {[%emt 0:00:21]} 23. Bf3 {[%emt 0:02:30]} Bxf3 {[%emt 0:06:51]} 24. gxf3 {[%emt 0:00:11]} Rc8 {[%emt 0:00:22]} 25. Rd2 {[%emt 0:01:56]} g5 {[%emt 0:04:18]} 26. f4 {[%emt 0:03:01]} gxf4 {[%emt 0:05:35]} 27. exf4 {[%emt 0:00:23]} Rc4 {[%emt 0:00:10]} 28. Rf2 {[%emt 0:02:02]} Kg7 {[%emt 0:02:36]} 29. Kg2 {[%emt 0:17:24]} Kg6 {[%emt 0:05:04]} 30. f5+ {[%emt 0:01:02]} exf5 {[%emt 0:00:48]} 31. Rd2 {[%emt 0:00:19]} Re4 {[%emt 0:03:05]} 32. Rd7 {[%emt 0:01:26]} Rxe5 {[%emt 0:01:47]} 33. b4 {[%emt 0:00:43]} a5 {[%emt 0:03:28]} 34. Rb7 {[%emt 0:00:08]} Re6 {[%emt 0:01:50]} 35. bxa5 {[%emt 0:00:10]} bxa5 {[%emt 0:00:04]} 36. Rb5 {[%emt 0:00:26]} a4 {[%emt 0:01:22]} 37. Ra5 {[%emt 0:01:12]} Re4 {[%emt 0:00:44]} 38. Kf2 {[%emt 0:01:47]} Rc4 {[%emt 0:01:36]} 39. Kg2 {[%emt 0:01:10]} h5 {[%emt 0:01:22]} 40. Kf2 {[%emt 0:00:08]} f6 {[%emt 0:02:23]} 41. Kg2 {[%emt 0:30:12]} Kg5 {[%emt 0:30:18]} 42. Ra8 {[%emt 0:00:32]} f4 {[%emt 0:02:37]} 43. Ra5+ {[%emt 0:00:15]} f5 {[%emt 0:02:15]} 44. Ra8 {[%emt 0:00:17]} f3+ {[%emt 0:01:13]} 45. Kg3 {[%emt 0:00:51]} h4+ {[%emt 0:00:34]} 46. Kh3 {[%emt 0:00:08]} Kf4 {[%emt 0:02:04]} 47. Rb8 {[%emt 0:00:29]} Rc1 {[%emt 0:01:16]} 0-1

[Event "German Bundesliga 2021-22"]
[Site "Germany"]
[Date "2022.03.06"]
[Round "2.8"]
[White "Acikel, Mert"]
[Black "Fedorovsky, Michael"]
[Result "0-1"]
[WhiteElo "2177"]
[BlackElo "2396"]
[Annotator "NA"]
[PlyCount "90"]
[EventDate "2022.03.05"]
[EventType "team-tourn"]
[EventCountry "GER"]
[SourceTitle "playchess.com"]
[Source "ChessBase"]
[SourceQuality "1"]
[TimeControl "40/5400+30:1800+30"]

1. e4 {[%emt 0:00:00]} c6 {[%emt 0:00:00]} 2. Nc3 {[%emt 0:00:00]} d5 {[%emt 0:00:00]} 3. Nf3 {[%emt 0:00:00]} dxe4 {[%emt 0:00:00]} 4. Nxe4 {[%emt 0:00:00]} Nf6 {[%emt 0:00:00]} 5. Qe2 {[%emt 0:00:00]} Nxe4 {[%emt 0:00:00]} 6. Qxe4 {[%emt 0:00:00]} Qd5 {[%emt 0:00:00]} 7. Qh4 {[%emt 0:00:00]} Bf5 {[%emt 0:19:57]} 8. Bc4 {[%emt 0:00:00]} Qd6 {[%emt 0:00:19]} 9. c3 {[%emt 0:01:15]} Bd3 {[%emt 0:12:04]} 10. Bxd3 {[%emt 0:00:38]} Qxd3 {[%emt 0:00:05]} 11. Ne5 {[%emt 0:00:13]} Qd5 {[%emt 0:01:36]} 12. d4 {[%emt 0:02:48]} Qxg2 {[%emt 0:14:39]} 13. Rf1 {[%emt 0:07:38]} Nd7 {[%emt 0:08:49]} 14. Nxd7 {[%emt 0:02:50]} Kxd7 {[%emt 0:00:19]} 15. Be3 {[%emt 0:11:01]} Qd5 {[%emt 0:09:32]} 16. O-O-O {[%emt 0:05:28]} e6 {[%emt 0:00:31]} 17. Kb1 {[%emt 0:02:32]} Be7 {[%emt 0:01:21]} 18. Qf4 {[%emt 0:08:42]} Qf5+ {[%emt 0:00:38]} 19. Qxf5 {[%emt 0:00:05]} exf5 {[%emt 0:00:04]} 20. d5 {[%emt 0:00:07]} g6 {[%emt 0:05:14]} 21. Rd2 {[%emt 0:14:49]} Rhd8 {[%emt 0:05:40]} 22. d6 {[%emt 0:06:02]} Bf6 {[%emt 0:01:11]} 23. c4 {[%emt 0:07:36]} Re8 {[%emt 0:01:05]} 24. Rd3 {[%emt 0:02:09]} Re4 {[%emt 0:03:43]} 25. Rb3 {[%emt 0:13:30]} b6 {[%emt 0:00:18]} 26. c5 {[%emt 0:00:23]} f4 {[%emt 0:04:00]} 27. Bd2 {[%emt 0:00:07]} bxc5 {[%emt 0:07:06]} 28. Rb7+ {[%emt 0:00:31]} Kxd6 {[%emt 0:00:48]} 29. Rd1 {[%emt 0:00:41]} Ke6 {[%emt 0:01:48]} 30. Rc7 {[%emt 0:00:12]} Bd4 {[%emt 0:02:11]} 31. Rxc6+ {[%emt 0:01:56]} Kd7 {[%emt 0:00:15]} 32. Ra6 {[%emt 0:00:35]} Re6 {[%emt 0:01:01]} 33. Ra4 {[%emt 0:00:32]} Kc6 {[%emt 0:01:19]} 34. Rc1 {[%emt 0:03:54]} Kd5 {[%emt 0:00:50]} 35. Rd1 {[%emt 0:03:40]} Kc6 {[%emt 0:00:18]} 36. b4 {[%emt 0:01:07]} cxb4 {[%emt 0:00:46]} 37. Rxb4 {[%emt 0:02:05]} Be5 {[%emt 0:00:45]} 38. Rc4+ {[%emt 0:03:44]} Kb5 {[%emt 0:00:42]} 39. Rb4+ {[%emt 0:02:26]} Kc6 {[%emt 0:00:21]} 40. Rc4+ {[%emt 0:00:20]} Kb5 {[%emt 0:00:33]} 41. Rb4+ {[%emt 0:30:49]} Ka6 {[%emt 0:00:00]} 42. Ra4+ {[%emt 0:00:00]} Kb7 {[%emt 0:00:00]} 43. Ba5 {[%emt 0:00:00]} Rb8 {[%emt 0:00:00]} 44. Bb4 {[%emt 0:00:00]} Ra6 {[%emt 0:00:00]} 45. Rd7+ {[%emt 0:00:00]} Kc8 {[%emt 0:00:00]} 0-1

[Event "German Bundesliga 2021-22"]
[Site "Germany"]
[Date "2022.03.06"]
[Round "2.9"]
[White "Van Foreest, Jorden"]
[Black "Braeuer, Franz"]
[Result "1-0"]
[WhiteElo "2702"]
[BlackElo "2428"]
[Annotator "TA"]
[PlyCount "81"]
[EventDate "2022.03.05"]
[EventType "team-tourn"]
[EventCountry "GER"]
[SourceTitle "playchess.com"]
[Source "ChessBase"]
[SourceQuality "1"]

{[%evp 17,81,0,3,-16,-14,-14,0,0,0,0,0,0,0,4,8,6,6,0,6,0,33,0,34,32,31,31,35,35,48,42,70,58,67,64,60,59,89,85,77,87,82,77,78,78,93,68,86,87,112,112,112,112,112,96,94,89,87,109,144,141,132,119,260,246,499,462]} 1. d4 d5 2. c4 c6 3. Nf3 Nf6 4. e3 e6 5. Bd3 Nbd7 6. O-O Be7 7. Nc3 O-O 8. e4 dxe4 9. Nxe4 c5 10. Nc3 $5 {[%mdl 4] Exploring less charted territory. D46: Semi-Slav: 5 e3 Nbd7 6 Bd3, Black avoids the Meran.} cxd4 11. Nxd4 Nc5 12. Bc2 {The position is equal.} e5 {[#]} 13. Nf5 $146 ({Predecessor:} 13. Nf3 Qxd1 14. Rxd1 Bg4 15. Re1 Bxf3 16. gxf3 Bd6 17. Be3 Rac8 18. Rad1 Bb8 19. Bg5 {1-0 (54) Semsovic,A (2043)-Miljanic,M (2031) Serbia 2017}) 13... Bxf5 14. Bxf5 g6 {[#] Threatens to win with ...Qxd1.} 15. Bc2 Qxd1 16. Rxd1 Ne6 17. Re1 Rac8 18. Rxe5 Bc5 {[%cal Oc5f2]} 19. Ne4 Nxe4 (19... Ng4 {is interesting.} 20. Rd5 Bb6 21. h3 Rxc4 22. Bd3 Rxe4 23. Bxe4 Nf6) 20. Rxe4 Bd4 21. Bd3 Rfd8 22. Bf1 Nc5 23. Re2 Re8 24. Be3 Bxe3 25. Rxe3 Rxe3 26. fxe3 $14 {[%mdl 4096] Endgame KRB-KRN} a5 27. Rd1 {Prevents Rd8.} Kf8 28. g4 Ke7 29. Bg2 b6 30. Kf2 h6 31. b3 {[%cal Bb2b3,Bb3c4,Bc4c5][%mdl 32]} Nd7 32. Ke2 {White is more active.} Rc5 33. Bd5 {[%cal Od5f7]} Ne5 34. h3 b5 35. e4 bxc4 36. bxc4 Rc8 {[#]} 37. Rc1 $1 Kd6 38. Ke3 Rb8 {To avoid Rb1} 39. c5+ Kc7 (39... Ke7 $16 {was necessary.} 40. c6 Kd6) 40. Rf1 $18 {Black must now prevent Kd4.} Rb5 $2 (40... Rb4 41. Rf6 Kd8 42. Bxf7 Nxf7) 41. Kd4 {Weighted Error Value: White=0.04 (flawless) /Black=0.20 (precise)} 1-0

[Event "German Bundesliga 2021-22"]
[Site "Germany"]
[Date "2022.03.06"]
[Round "2.9"]
[White "Jones, Gawain C B"]
[Black "Piorun, Kacper"]
[Result "1/2-1/2"]
[WhiteElo "2671"]
[BlackElo "2641"]
[Annotator "TA"]
[PlyCount "119"]
[EventDate "2022.03.05"]
[EventType "team-tourn"]
[EventCountry "GER"]
[SourceTitle "playchess.com"]
[Source "ChessBase"]
[SourceQuality "1"]

{[%evp 23,119,10,24,0,8,10,24,1,48,45,58,-3,0,-45,0,0,0,0,0,6,4,0,0,-134,-137,-227,-227,-222,-204,-224,-235,-216,-210,-241,-265,-253,-251,-263,-262,-294,-275,-426,-415,-437,-412,-417,-421,-534,-215,-208,-91,-91,-8,-12,0,0,0,-7,0,0,0,-24,-20,-29,-29,-71,-69,-134,-62,-66,-75,-78,-20,-20,0,0,0,0,0,0,0,0,0,0,0,0,0,0,0,0,0,0,0,0,0,0,0,0]} 1. e4 e5 2. Nf3 Nc6 3. Bb5 a6 4. Ba4 Nf6 5. O-O Be7 6. Re1 b5 7. Bb3 d6 8. c3 O-O 9. d4 Bg4 10. Be3 exd4 11. cxd4 d5 12. e5 Ne4 13. h3 {C91: Closed Ruy Lopez: 7...d6 8 c3 0-0 9 d4.} Bh5 14. Nbd2 Nxd2 15. Qxd2 {White has an edge.} (15. Bxd2 Nxd4 $1 {[%mdl 512]} 16. g4 Nxb3 17. axb3 Bg6 $17) 15... Bb4 (15... Bxf3 $11 16. Qc3 (16. gxf3 Bb4 $11) 16... Rb8) 16. Qc2 $14 Na5 {[#]} 17. Rec1 $146 (17. Ng5 Bg6 18. Qe2 Bxe1 19. Qxe1 Nc4 $17) (17. Bd2 $14 Bg6 18. Qc1 Bxd2 19. Qxd2) ({Predecessor:} 17. Bd2 Bxd2 18. Nxd2 Nc4 19. Nf1 a5 20. Ng3 Bg6 21. Qe2 Qh4 22. Rad1 f5 23. Nf1 {1-0 (39) Guliyev,N (2548)-Leenhouts,K (2411) Netherlands 2019}) 17... Nc4 18. Ne1 (18. Qf5 $11 g6 19. Qf4) 18... f6 (18... Qe7 $15) 19. Nd3 $11 Bg6 20. Qe2 Bxd3 21. Qxd3 fxe5 22. dxe5 c6 {[%cal Bc7c6,Bc6c5,Bc5c4][%mdl 32]} 23. Qd4 (23. Bc2 g6 $11) (23. Bd4 $11 {remains equal.}) 23... c5 $1 $17 24. Qg4 (24. Qd3 $17 {was called for.} Nxe3 25. Qxe3) 24... Nxe3 $19 25. fxe3 Bd2 {[%csl LRc1,LRe3]} 26. Rf1 {aiming for Rxf8+.} Bxe3+ 27. Kh1 c4 $1 28. Qe6+ Kh8 29. Bc2 Re8 30. Qc6 Rxe5 31. Rf7 Ra7 32. Rxa7 (32. Rf3 $142 g6 33. b3) 32... Bxa7 33. Qxa6 Bb8 {( -> ...Qc7)} 34. Rf1 d4 ({Don't go for} 34... Re2 $2 35. Bd1 Re3 36. Qc6 $19) 35. Qb6 Re8 (35... Qxb6 $2 36. Rf8#) (35... Qd6 $142 36. Kg1 d3 37. Qxd6 Bxd6) 36. Qxb5 d3 (36... h6 $19 {is more deadly.} 37. Bf5 Rf8) 37. Ba4 $17 Rg8 (37... Rf8 $1 $17 {[%cal Rf8f1]} 38. Rxf8+ Qxf8) 38. Qxc4 $11 Qd6 {[%csl Gb8][%cal Rd6h2]} 39. g3 $1 {Active counter play!} h6 $40 {[%mdl 128] Black is up to no good.} (39... Qxg3 $2 {is a self mate.} 40. Qxg8+ $3 {[%mdl 512]} Kxg8 41. Bb3+ Kh8 42. Rf8#) 40. Qg4 ({Much worse is} 40. Bb3 Rd8 41. Qf4 Qb6 $15) 40... Qd5+ 41. Qf3 Qe6 42. Kg2 Qxa2 43. Bc6 Qxb2+ 44. Kh1 {[#]} (44. Rf2 $11 {feels stronger.} Qd4 45. Rd2) 44... d2 $1 $17 45. Be4 {[#]} (45. Ba4 $15) 45... Qd4 ({Black should try} 45... Bd6 $1 $17 {White must now prevent ...Qc1.} 46. h4 Qd4) 46. Kg2 Qd6 47. Qd3 Re8 (47... Rd8 $17 48. Qxd6 Bxd6) 48. Rd1 $1 $11 {The position is equal.} Rxe4 49. Qxe4 {Hoping for Qe3.} Qxg3+ {[%mdl 4096] Endgame KQR-KQB} 50. Kf1 Qxh3+ 51. Ke2 Qh2+ 52. Kd3 Qg3+ 53. Kxd2 Qf4+ 54. Kd3 Qxe4+ 55. Kxe4 {White wants to mate with Rd8+. KR-KB} Kh7 56. Rd3 Bc7 57. Kf5 Bh2 58. Rd4 Bg1 59. Re4 Bb6 60. Re7 {Whites escaped into a draw.  Weighted Error Value: White=0.22 (precise) /Black=0.18 (very precise)} 1/2-1/2

[Event "German Bundesliga 2021-22"]
[Site "Germany"]
[Date "2022.03.16"]
[Round "2.9"]
[White "Svane, Rasmus"]
[Black "Koch, Thomas"]
[Result "1-0"]
[WhiteElo "2637"]
[BlackElo "2458"]
[Annotator "TA"]
[PlyCount "51"]
[EventDate "2022.03.05"]
[EventType "team-tourn"]
[EventCountry "GER"]

{[%evp 9,51,54,66,39,56,39,30,33,45,30,52,34,43,31,61,71,86,89,107,97,93,87,149,142,170,170,158,160,162,154,214,216,215,208,222,215,414,408,625,626,696,671,772,766]} 1. d4 Nf6 2. Nf3 c5 3. d5 e6 4. Nc3 b5 5. dxe6 fxe6 6. e4 {Threatens to win with e5. A43: Schmid Benoni.} b4 {[#]} 7. e5 $1 {Black must now prevent Nb5.} bxc3 8. exf6 {White has an edge.} Nc6 9. f7+ Kxf7 10. bxc3 Be7 11. Bd3 {[#]} c4 $146 ({Predecessor:} 11... Bf6 12. O-O h6 13. Rb1 Qc7 14. Nh4 Ne7 15. Qh5+ Kf8 16. c4 Ba6 17. Re1 Rc8 18. Bb2 Qf4 19. g3 Qg5 20. Qf3 Ke8 21. Bc1 Qxc1 22. Rexc1 Rf8 23. Qh5+ {1-0 (23) Krysa,L (2516)-Acosta,P (2473) Villa Martelli 2021}) 12. Bxc4 Rf8 13. O-O {White is more active.} Kg8 14. Bd3 Qa5 15. Rb1 {Strongly threatening Rb5.} Qh5 ({Black should try} 15... Qxa2 16. Rb2 Qa1) 16. Be3 $16 Kh8 17. Re1 Bf6 {[#]} 18. Ng5 $1 {[%cal Bf3g5,Bg5e4,Be4g3,Bg3f5,Bf5d6][%mdl 544]} Qxd1 19. Rexd1 g6 (19... Bxg5 $16 20. Bxg5 d5) 20. Ne4 Be7 21. Bb5 Rf5 22. c4 Ne5 $2 (22... Kg8 23. f3 Ne5) 23. Bd4 $18 a6 {[#]} (23... Kg8 $142 24. Ng3 Rg5) 24. Ng3 $1 {White is clearly winning.} Bf6 (24... axb5 25. Nxf5) 25. Nxf5 axb5 26. Nd6 {Weighted Error Value: White=0.04 (flawless) /Black=0.41} 1-0

[Event "German Bundesliga 2021-22"]
[Site "Germany"]
[Date "2022.03.06"]
[Round "2.9"]
[White "Nguyen, Thai Dai Van"]
[Black "Adams, Michael"]
[Result "1/2-1/2"]
[WhiteElo "2613"]
[BlackElo "2698"]
[Annotator "TA"]
[PlyCount "78"]
[EventDate "2022.03.05"]
[EventType "team-tourn"]
[EventCountry "GER"]
[SourceTitle "playchess.com"]
[Source "ChessBase"]
[SourceQuality "1"]

{[%evp 9,78,22,15,14,27,21,30,23,33,14,16,13,12,0,16,21,33,27,33,30,29,17,20,13,22,9,11,12,41,23,73,41,27,31,109,55,45,59,57,21,21,27,31,34,29,22,62,-12,6,12,33,35,59,48,64,59,66,37,48,0,2,2,0,2,24,10,42,3,3,0,0]} 1. Nf3 d5 2. d4 Nf6 3. c4 e6 4. Nc3 a6 5. cxd5 exd5 6. Bg5 {[%cal Bc1g5,Bg5h4,Bh4g3][%mdl 32] D37: Queen's Gambit Declined: 5 Bf4.} Be6 7. e3 Nbd7 8. Bd3 {White has an edge.} Bd6 9. Bh4 h6 10. O-O c6 11. Rc1 O-O 12. Nd2 {[#]} Be7 $146 ({Predecessor:} 12... g5 13. Bg3 Bxg3 14. hxg3 c5 15. dxc5 Nxc5 16. Bb1 Qb6 17. b3 Rac8 18. Nf3 Nce4 19. Bxe4 dxe4 {1-0 (45) Efimov,I (2421)-Omar,N (2356) Batumi 2018}) 13. Bg3 Nb6 14. h3 Re8 15. Nf3 Nc8 16. Ne5 Nd6 17. Qc2 Nfe4 18. Bh2 Rc8 19. Na4 Bh4 (19... b5 $11) 20. b4 (20. Nc5 $5 {[%cal Re5f3]}) 20... a5 21. a3 Nb5 (21... Bf5 $14) 22. Nc5 (22. Bxe4 $16 dxe4 23. bxa5 (23. Qxe4 Be7 $14)) 22... Nxa3 $14 23. Qb2 axb4 {[#] ...Nxc5 is the strong threat.} 24. Qxb4 Nxc5 25. dxc5 Nb5 26. Bxb5 cxb5 27. Qxb5 d4 28. e4 (28. exd4 $14 Bd5 29. Qd3) 28... Bf6 {A strong pair of Bishops.} (28... Bg5 $5 {[%cal Rg5c1]} 29. Rcd1 Qe7 $11) 29. Qxb7 Bxe5 30. Bxe5 Bxh3 31. Bg3 Bg4 32. f3 Be6 33. Qb2 {White is much more active.} (33. Bd6 {seems wilder.} Ra8 34. Rf2 Qg5 35. f4 Qh4 36. f5) 33... Ra8 34. Qd2 (34. Kh2 $14 {feels stronger.}) 34... Ra2 $11 35. Rc2 Rxc2 36. Qxc2 d3 37. Qd2 Bb3 38. c6 Qb6+ 39. Bf2 Qxc6 {Weighted Error Value: White=0.14 (very precise) /Black=0.13 (very precise)} 1/2-1/2